Operating the tunnel kiln.

Bibliographic Details
Main Author: Robson, James Thomas, 1895-
Format: Book
Language:English
Published: Chicago : Industrial Publications, [1954]
Subjects:

MARC

Tag First Indicator Second Indicator Subfields
LEADER 00000cam a2200000 4500
001 in00000031548
005 20151007061722.0
008 780804s1954 ilua 00000 eng
010 |a  54042001  
035 |a (OCoLC)04112121 
035 |9 AAD2865AM 
040 |a DLC  |c NRC  |d TXA  |d UtOrBLW 
049 |a TXAM  |c [458696] 
050 0 0 |a TP841  |b .R6 
082 0 |a 666.3 
092 |a 666.3  |b R667o, 1954 
100 1 |a Robson, James Thomas,  |d 1895- 
245 1 0 |a Operating the tunnel kiln. 
264 1 |a Chicago :  |b Industrial Publications,  |c [1954] 
300 |a 157 pages :  |b illustrations ;  |c 23 cm. 
336 |a text  |b txt  |2 rdacontent 
337 |a unmediated  |b n  |2 rdamedia 
338 |a volume  |b nc  |2 rdacarrier 
650 0 |a Kilns. 
999 |a MARS 
999 f f |s 20052ac1-df9b-3091-848e-ecc84bbeaa0b  |i 72957cff-23f7-362d-8282-d98f3f2cdaba  |t 0 
952 f f |p ric  |a Texas A&M University  |b Rellis Campus  |c Joint Library Facility  |d Remote Storage  |t 0  |e TP841 .R6  |h Library of Congress classification  |i unmediated -- volume  |m A14801116259 
998 f f |a TP841 .R6  |t 0  |l Remote Storage